Psychologie prodávání

Praktické rady, ako dosiahnuť úspech v obchodnom podnikaní. Základné pravidlá predávania. Psychické predkážky pri uzatváraní obchodu. Predpoklady úspechu.

Enregistré dans:
Détails bibliographiques
Auteur principal: Slapak, T.
Format: Chapitre de livre
Langue:tchèque
Sujets:
Tags: Ajouter un tag
Pas de tags, Soyez le premier à ajouter un tag!

MARC

LEADER 00000naa a2200000 4500
001 r017517
005 20221213082526.9
041 0 |a cze 
044 |a CZ 
245 1 0 |a Psychologie prodávání  |c T. Slapak 
520 |a Praktické rady, ako dosiahnuť úspech v obchodnom podnikaní. Základné pravidlá predávania. Psychické predkážky pri uzatváraní obchodu. Predpoklady úspechu. 
610 2 0 |a predaj 
610 2 0 |a predajcovia 
610 2 0 |a technika predaja 
610 2 0 |a zákazníci 
100 1 |a Slapak, T.